Autoportrait de Georges Benko (notice n° 1585056)

détails MARC
000 -LEADER
fixed length control field 01907cam a2200169 4500500
005 - DATE AND TIME OF LATEST TRANSACTION
control field 20251228053038.0
041 ## - LANGUAGE CODE
Language code of text/sound track or separate title fre
042 ## - AUTHENTICATION CODE
Authentication code dc
100 10 - MAIN ENTRY--PERSONAL NAME
Personal name Claude, Viviane
Relator term author
245 00 - TITLE STATEMENT
Title Autoportrait de Georges Benko
260 ## - PUBLICATION, DISTRIBUTION, ETC.
Date of publication, distribution, etc. 2010.<br/>
500 ## - GENERAL NOTE
General note 69
520 ## - SUMMARY, ETC.
Summary, etc. Résumé Cet article rend compte de recherches menées depuis une vingtaine d’années sur la ville fractale et ses capacités en termes de fonctionnement urbain. La première partie de l’article fournit des éléments de définition de la ville fractale. Celle-ci est mise en relation avec d’autres modèles permettant de générer des distributions spatiales hiérarchiques. La deuxième partie de l’article est consacrée à la présentation de quatre modèles de villes fractales et de leurs propriétés, notamment en termes d’accessibilité. La question de la durabilité de la ville fractale est abordée dans une troisième partie. L’article se termine en proposant quelques réflexions sur la robustesse et la résilience de formes de villes fractales.
520 ## - SUMMARY, ETC.
Summary, etc. This paper surveys about 20 years of research dealing with the fractal city and its capacity regarding urban functioning. The first part of the paper gives some elements for defining the fractal city. Relation is made with other models that allow the generation of hierarchical spatial distributions. The second part of the paper is dedicated to the presentation of four fractal models of city and their properties, especially regarding their accessibility. In the third part of the paper, the question of the sustainability of the fractal city is tackled. The paper ends with some reflections about robustness and resilience of fractal urban forms.
786 0# - DATA SOURCE ENTRY
Note Espaces et sociétés | 139 | 4 | 2010-01-11 | p. 7-9 | 0014-0481
856 41 - ELECTRONIC LOCATION AND ACCESS
Uniform Resource Identifier <a href="https://shs.cairn.info/revue-espaces-et-societes-2009-4-page-7?lang=fr&redirect-ssocas=7080">https://shs.cairn.info/revue-espaces-et-societes-2009-4-page-7?lang=fr&redirect-ssocas=7080</a>

Pas d'exemplaire disponible.

PLUDOC

PLUDOC est la plateforme unique et centralisée de gestion des bibliothèques physiques et numériques de Guinée administré par le CEDUST. Elle est la plus grande base de données de ressources documentaires pour les Étudiants, Enseignants chercheurs et Chercheurs de Guinée.

Adresse

627 919 101/664 919 101

25 boulevard du commerce
Kaloum, Conakry, Guinée

Réseaux sociaux

Powered by Netsen Group @ 2025